| 000 -LEADER |
| fixed length control field |
00660cam a2200241 a 4500 |
| 001 - CONTROL NUMBER |
| control field |
550225 |
| 005 - DATE AND TIME OF LATEST TRANSACTION |
| control field |
20180205072905.0 |
| 008 - FIXED-LENGTH DATA ELEMENTS--GENERAL INFORMATION |
| fixed length control field |
881014t19891988nyu 000 1 eng |
| 010 ## - LIBRARY OF CONGRESS CONTROL NUMBER |
| LC control number |
88040378 |
| 020 ## - INTERNATIONAL STANDARD BOOK NUMBER |
| International Standard Book Number |
0679720200 |
| 040 ## - CATALOGING SOURCE |
| Original cataloging agency |
DLC |
| Transcribing agency |
DLC |
| Modifying agency |
DLC |
| -- |
OCoLC |
| -- |
DLC |
| 041 1# - LANGUAGE CODE |
| Language code of text/sound track or separate title |
eng |
| 043 ## - GEOGRAPHIC AREA CODE |
| Geographic area code |
f-ae--- |
| 080 ## - UNIVERSAL DECIMAL CLASSIFICATION NUMBER |
| Universal Decimal Classification number |
843..914 alb |
| 082 00 - DEWEY DECIMAL CLASSIFICATION NUMBER |
| Classification number |
843..914 alb |
| Edition number |
19 |
| 100 1# - Rafti |
| Rafti |
45 |
| 101 ## - Shkurtesa |
| Shkurtesa |
psi |
| 240 10 - UNIFORM TITLE |
| Uniform title |
<a href="Étranger.">Étranger.</a> |
| Language of a work |
English |
| 245 14 - TITLE STATEMENT |
| Title |
The stranger / |
| Statement of responsibility, etc |
Albert Camus ; translated from the French by Matthew Ward. |
| 906 ## - LOCAL DATA ELEMENT F, LDF (RLIN) |
| a |
7 |
| b |
cbc |
| c |
orignew |
| d |
1 |
| e |
ocip |
| f |
19 |
| g |
y-gencatlg |
| 942 ## - ADDED ENTRY ELEMENTS (KOHA) |
| Source of classification or shelving scheme |
|
| Item type |
Books |